=LDR 00000nam 2200000 4500 =001 000426 =005 20250710035126 =035 ##$$a 0010-0725000288 =007 ta =008 250710################a##########0#ind## =020 ##$$a 978-623-472-350-2 =082 ##$$a 398.209 598 =084 ##$$a 398.209 598 VEN a =100 #$$a Venkatesh, Samvida =245 1#$$a Ayo, Kita Bermain Petak Umpet! /$c Samvida Venkatesh =250 ##$$a Cetakan Pertama =260 ##$$a Jakarta Timur :$b Badan Pengembangan dan Pembinaan Bahasa,$c 2024 =300 ##$$a 32 hlm. : $b ilus. ; $c 22,9 cm =650 #4$$a Cerita Anak Indonesia-Terjemahan =650 #4$$a Literasi-Bahan Bacaan =856 ##$$a TBM As Suhada =990 ##$$a TBM01500150